00721nam a2200181 a 450000100100000000500170001000800410002704000250006808200150009311000960010824500700020426000670027430000200034150000390036104900090040095201130040999900170052200003049820200930062338.0110523s1974 dr 000 0 spa d aDO-SdBNPbspacBNPHU axxxbC748a1 aConferencia del Episcopado DominicanobSecretariado Nacional de Pastoral de Conjunto94372310aAño santo :bla reconciliación y el respeto al derecho ajeno. aSanto Domingo :bConferencia del Episcopado Dominicano,c1974. a67 p. ;c22 cm. a11 Temas para asambleas familiares aBNPD 0010718PDaPDbPDcCTd2011-05-23iLF1l0oxxx C748ap30498-10r2020-06-25w2020-06-25yLFPDZNo se presta c29990d29990